Estatísticas para Feitiços de Harry Potter

Clique aqui para jogar o quiz

Estatísticas Gerais

  • Esse quiz foi jogado 3 124 vezes
  • A pontuação média é 10 de 22

Estatísticas das Respostas

DescriçãoFeitiço% Correto
Ilumina a ponta da varinhaLLumos
88%
Faz um objeto levitarWLWingardium
Leviosa
86%
Desarma outro bruxoEExpelliarmus
85%
"Maldição da Morte"AKAvada Kedavra
81%
Destranca portasAAlohomora
77%
Cria um animal prateado protegendo contra dementadoresEPExpecto
Patronum
70%
Tortura o enfeitiçadoCCrucio
67%
Apaga a luz da ponta da varinhaNNox
61%
Apaga memórias de uma pessoaOObliviate
59%
Conserta objetos quebradosRReparo
57%
Invoca um objeto para a mão da pessoaAAccio
54%
Paralisa o enfeitiçadoPTPetrificus
Totalus
54%
Produz um jato de água pela ponta da varinhaAAguamenti
32%
Deixa o enfeitiçado temporariamente confusoCConfundo
30%
Deixa o enfeitiçado mudoSSilencio
25%
Coloca o enfeitiçado em um estado inconscienteEEstupefaça
22%
Deixa o enfeitiçado de cabeça para baixoLLevicorpus
19%
Causa o inchaço ou crescimento de um objetoEEngorgio
18%
Revela o último feitiço feitoPIPriori Incantatem
14%
Corta objetosDDiffindo
13%
Transforma o objeto em uma chave de portalPPortus
8%
Feitiço de limpezaSScourgify
4%

Distribuição das Pontuações

Percentil de Números Respondidos

Porcentagem de Pessoas com Cada Pontuação

Sua Pontuação Histórica

Você não jogou esse quiz